[Event "SPICE Cup Open 2015"]
[Site "Saint Louis USA"]
[Date "2015.10.19"]
[Round "5.8"]
[White "Li, Ruifeng"]
[Black "Banawa, Joe"]
[Result "0-1"]
[WhiteElo "2446"]
[BlackElo "2359"]
[EventDate "2015.10.17"]
[WhiteTitle "FM"]
[BlackTitle "FM"]
[WhiteFideId "2061074"]
[BlackFideId "2024055"]

1.e4 e5 2.Nf3 Nc6 3.Bc4 Bc5 4.O-O Nf6 5.d4 Bxd4 6.Nxd4 Nxd4 7.f4 d6 8.fxe5
dxe5 9.Bg5 Qe7 10.Na3 Bd7 11.Qd2 Ne6 12.Bxf6 gxf6 13.Qf2 Nf4 14.Kh1 f5 15.
exf5 Kf8 16.Be2 Rg8 17.Bf3 e4 18.f6 Qe5 19.Bxe4 Qxe4 20.Qc5+ Ke8 21.Rae1 
Ne2 22.Rf2 Ng3+ 23.hxg3 Qxe1+ 24.Kh2 Rg6 25.g4 Rh6+ 26.Kg3 Rxf6 0-1

[Event "SPICE Cup Open 2015"]
[Site "Saint Louis USA"]
[Date "2015.10.21"]
[Round "7.11"]
[White "Kavutskiy, K"]
[Black "Li, Ruifeng"]
[Result "1/2-1/2"]
[WhiteElo "2349"]
[BlackElo "2446"]
[EventDate "2015.10.17"]
[WhiteTitle "FM"]
[BlackTitle "FM"]
[WhiteFideId "2026384"]
[BlackFideId "2061074"]

1.e4 e5 2.Nf3 Nc6 3.Bc4 Bc5 4.c3 Nf6 5.d3 d6 6.Nbd2 a6 7.Bb3 h6 8.h3 Be6 
9.Bc2 Ba7 10.Qe2 Qe7 11.Nf1 Rd8 12.g4 d5 13.Ng3 Nh7 14.Nf5 Qf6 15.h4 Bxf5 
16.gxf5 d4 17.Rg1 Kd7 18.Ba4 Kc8 19.c4 Ne7 20.b4 Rhg8 21.Bd2 g6 22.O-O-O 
Qd6 23.c5 Qf6 24.Bb3 Nc6 25.fxg6 Rxg6 26.a3 Nf8 27.h5 Rxg1 28.Nxg1 Ne6 29.
Qg4 Kb8 30.Qf5 Qe7 31.Nf3 Bxc5 32.Nxe5 Nxe5 33.Qxe5 Bd6 34.Qf5 c5 35.e5 
Bc7 36.Kb2 cxb4 37.Bxb4 Qd7 38.Bd2 Qb5 39.a4 Qb6 40.Qxf7 Nc5 41.Qc4 Bxe5 
42.Re1 Bc7 43.Rc1 Nxb3 44.Qxb3 Qf6 45.Qc4 Bf4 46.Bxf4+ Qxf4 47.Rc2 Rf8 48.
Qd5 Rf6 49.a5 Qd6 50.Qxd6+ Rxd6 51.Rc5 b6 52.axb6 Rxb6+ 53.Ka3 Rf6 54.Rd5 
Rxf2 55.Rxd4 Rf5 56.Rd6 1/2-1/2

[Event "SPICE Cup Open 2015"]
[Site "Saint Louis USA"]
[Date "2015.10.21"]
[Round "8.17"]
[White "Voelker, Ja"]
[Black "Proleiko, Julian"]
[Result "1-0"]
[WhiteElo "2159"]
[BlackElo "1983"]
[EventDate "2015.10.17"]
[WhiteFideId "2018853"]
[BlackFideId "30900255"]

1.e4 e5 2.Nf3 Nc6 3.Bc4 Bc5 4.b4 Bb6 5.a4 a6 6.Nc3 Nf6 7.O-O d6 8.Nd5 Nxd5
9.exd5 Nd4 10.Nxd4 Bxd4 11.c3 Ba7 12.d4 O-O 13.dxe5 dxe5 14.Qh5 Qf6 15.Be3
Bxe3 16.fxe3 Qd6 17.a5 Bd7 18.e4 Rae8 19.Rab1 g6 20.Qe2 f5 21.Bd3 fxe4 22.
Bxe4 Rxf1+ 23.Rxf1 Rf8 24.Rxf8+ Kxf8 25.Qf2+ Ke8 26.Qh4 Qe7 27.Qxe7+ Kxe7 
28.c4 b6 29.c5 bxa5 30.bxa5 Bb5 31.Kf2 Kf6 32.Ke3 Bd7 33.h3 Bc8 34.Bd3 Bb7
35.Bc4 Bc8 36.g4 g5 37.Ke4 Bb7 38.c6 Bc8 39.Be2 h6 40.Bf3 h5 41.Be2 hxg4 
42.Bxg4 1-0

[Event "SPICE Cup Open 2015"]
[Site "Saint Louis USA"]
[Date "2015.10.22"]
[Round "9.15"]
[White "Velez, Ryan A"]
[Black "Proleiko, Julian"]
[Result "1/2-1/2"]
[WhiteElo "2063"]
[BlackElo "1983"]
[EventDate "2015.10.17"]
[WhiteFideId "2050250"]
[BlackFideId "30900255"]

1.e4 e5 2.Nf3 Nc6 3.Bc4 Bc5 4.c3 Nf6 5.d3 d6 6.O-O a6 7.Bb3 Ba7 8.Be3 O-O 
9.Nbd2 Ne7 10.d4 Ng6 11.Bc2 Qe7 12.h3 h6 13.Qe2 Nh5 14.Ne1 Nhf4 15.Qf3 Nh4
16.Qd1 Qf6 17.Bxf4 Qxf4 18.Ndf3 Ng6 19.g3 Qf6 20.Kg2 Qe7 21.Nh2 Qe6 22.h4 
c5 23.h5 Qh3+ 24.Kh1 Ne7 25.dxe5 dxe5 26.Bb3 c4 27.Bxc4 b5 28.Be2 Qe6 29.
Bg4 f5 30.Bf3 Bb7 31.exf5 Qb6 32.Qb3+ Kh8 33.Qe6 Nc6 34.Ng4 Rae8 35.Qg6 
Qc7 36.f6 e4 37.Bg2 Ne5 38.Nxe5 Rxe5 39.fxg7+ Qxg7 40.Qxg7+ Kxg7 41.Nd3 
Rxh5+ 42.Kg1 1/2-1/2

[Event "World Youth Girls U18 2015"]
[Site "Porto Carras GRE"]
[Date "2015.10.25"]
[Round "1.6"]
[White "Paramzina, A"]
[Black "Kyrkjebo, Hanna B."]
[Result "0-1"]
[WhiteElo "2260"]
[BlackElo "1926"]
[EventDate "2015.10.25"]
[WhiteTitle "WFM"]
[WhiteFideId "4165012"]
[BlackFideId "1511599"]

1.e4 e5 2.Nf3 Nc6 3.Bc4 Bc5 4.d3 Nf6 5.O-O d6 6.c3 a6 7.Bb3 Ba7 8.Nbd2 O-O
9.h3 h6 10.Re1 Nh5 11.Nf1 Qf6 12.Ne3 Nf4 13.Nd5 Nxd5 14.exd5 Ne7 15.d4 Ng6
16.Be3 Bd7 17.Bc2 exd4 18.Nxd4 Rfe8 19.Qd3 Bb6 20.a4 a5 21.Re2 Re7 22.Rae1
Rae8 23.Nb5 Bxe3 24.Rxe3 Bxb5 25.Qxb5 b6 26.Qxe8+ Rxe8 27.Rxe8+ Kh7 28.Rc8
Qg5 29.Rd1 Qe5 30.Kf1 f5 31.g4 fxg4 32.hxg4 h5 33.Re1 0-1

[Event "World Youth Girls U18 2015"]
[Site "Porto Carras GRE"]
[Date "2015.10.25"]
[Round "1.8"]
[White "Uuriintuya, Uurtsaikh"]
[Black "Hund, Sarah"]
[Result "1-0"]
[WhiteElo "2237"]
[BlackElo "1916"]
[EventDate "2015.10.25"]
[WhiteFideId "4900227"]
[BlackFideId "12923338"]

1.e4 e5 2.Nf3 Nc6 3.Bc4 Nf6 4.d3 Be7 5.c3 O-O 6.Bb3 d6 7.Nbd2 Bg4 8.h3 Bh5
9.Nf1 Nd7 10.Ng3 Bxf3 11.Qxf3 Bg5 12.O-O Nc5 13.Bc2 Ne6 14.Be3 g6 15.Rad1 
Qf6 16.Qe2 Rad8 17.Qd2 Kg7 18.d4 Na5 19.b3 b6 20.Kh2 h6 21.Ne2 Nf4 22.Ng1 
Ne6 23.d5 Nf4 24.g3 Nh5 25.f4 exf4 26.gxf4 Bxf4+ 27.Rxf4 Qe7 28.Rg4 Qe5+ 
29.Kg2 1-0

[Event "World Youth Girls U18 2015"]
[Site "Porto Carras GRE"]
[Date "2015.10.26"]
[Round "2.1"]
[White "Velikic, A"]
[Black "Vidic, Teja"]
[Result "1-0"]
[WhiteElo "2363"]
[BlackElo "2096"]
[EventDate "2015.10.25"]
[BlackTitle "WFM"]
[WhiteFideId "913553"]
[BlackFideId "14605511"]

1.e4 e5 2.Nf3 Nc6 3.Bc4 Nf6 4.d3 Be7 5.O-O O-O 6.Re1 d6 7.a4 Be6 8.Nc3 Qd7
9.a5 a6 10.h3 h6 11.Nd5 Nd4 12.Nxd4 exd4 13.Qf3 Qd8 14.Bf4 Re8 15.Nxe7+ 
Qxe7 16.e5 dxe5 17.Bxe5 c5 18.Bxf6 Qxf6 19.Qxb7 Bxc4 20.dxc4 Rab8 21.Rxe8+
Rxe8 22.Qb6 Re2 23.Qxf6 gxf6 24.Rc1 d3 25.cxd3 Rxb2 26.Kf1 Kg7 27.g3 Kg6 
28.Kg2 Ra2 29.Kf3 Kf5 30.Rb1 Rxa5 31.Rb7 Ke6 32.Rc7 h5 33.Ke4 Ra2 34.Rxc5 
Rxf2 35.Rc6+ Ke7 36.Rxa6 h4 37.gxh4 Rh2 38.Kd5 Rxh3 39.Ra7+ Ke8 40.d4 Rxh4
41.c5 f5 42.c6 1-0

[Event "World Youth Girls U16 2015"]
[Site "Porto Carras GRE"]
[Date "2015.10.26"]
[Round "2.11"]
[White "Ivkovic, Aleksandra"]
[Black "Abdusattorova, Bakhora"]
[Result "1/2-1/2"]
[WhiteElo "1939"]
[BlackElo "2120"]
[EventDate "2015.10.25"]
[BlackTitle "WFM"]
[WhiteFideId "926582"]
[BlackFideId "14204126"]

1.e4 e5 2.Nf3 Nc6 3.Bc4 Bc5 4.c3 Nf6 5.d3 a6 6.Nbd2 Ba7 7.O-O O-O 8.h3 d5 
9.exd5 Nxd5 10.Ne4 Kh8 11.Re1 f6 12.a4 Be6 13.Nh4 Qd7 14.Bxd5 Qxd5 15.Be3 
Bxe3 16.fxe3 Rad8 17.Nf2 f5 18.Nf3 Rf6 19.e4 Qc5 20.Kf1 h6 21.Qe2 Rdf8 22.
Qe3 Qe7 23.d4 exd4 24.cxd4 fxe4 25.Qxe4 Qd7 26.Rad1 Bd5 27.Qg4 Qxg4 28.
Nxg4 Bxf3 29.gxf3 Rxf3+ 30.Kg2 Rb3 31.Rd2 Rff3 32.Nf2 Na5 33.d5 1/2-1/2

[Event "2nd Pleven Open 2015"]
[Site "Pleven BUL"]
[Date "2015.10.17"]
[Round "4.15"]
[White "Dochev, Marian"]
[Black "Neikov, Radostin"]
[Result "1-0"]
[WhiteElo "2041"]
[BlackElo "1609"]
[EventDate "2015.10.17"]
[WhiteFideId "2929350"]
[BlackFideId "2914743"]
[EventType "swiss"]

1.e4 e5 2.Nf3 Nc6 3.Bc4 Bc5 4.c3 Nf6 5.d4 exd4 6.cxd4 Bb4+ 7.Nc3 Nxe4 8.
O-O Nxc3 9.bxc3 Bxc3 10.Qb3 Bxa1 11.Bxf7+ Kf8 12.Bg5 Nxd4 13.Qa3+ d6 14.
Bxd8 Kxf7 15.Bxc7 Nb5 16.Qb3+ Be6 17.Ng5+ 1-0

[Event "Ptuj Open 2015"]
[Site "Ptuj SLO"]
[Date "2015.10.24"]
[Round "1.9"]
[White "Pecnik, Maj"]
[Black "Suta, Andraz"]
[Result "0-1"]
[WhiteElo "1406"]
[BlackElo "2165"]
[EventDate "2015.10.24"]
[WhiteFideId "14625202"]
[BlackFideId "14613190"]

1.e4 e5 2.Nf3 Nc6 3.Bc4 Bc5 4.c3 Nf6 5.d3 O-O 6.O-O d6 7.h3 h6 8.Bb3 Bb6 
9.Re1 Be6 10.Nbd2 Ne7 11.Nf1 Ng6 12.Ng3 Qd7 13.d4 exd4 14.cxd4 Rae8 15.d5 
Bxh3 16.Qc2 Qg4 17.Nh2 Qxg3 18.Kf1 Qxg2+ 19.Ke2 Rxe4+ 20.Kd1 Bg4+ 21.Kd2 
Ba5+ 22.Kd3 Ne5# 0-1

[Event "Ptuj Open 2015"]
[Site "Ptuj SLO"]
[Date "2015.10.25"]
[Round "3.25"]
[White "Zupanic, Matjaz"]
[Black "Suta, Tomaz"]
[Result "1/2-1/2"]
[WhiteElo "1661"]
[BlackElo "1688"]
[EventDate "2015.10.24"]
[WhiteFideId "14613220"]
[BlackFideId "14613204"]

1.e4 e5 2.Nf3 Nc6 3.Bc4 Bc5 4.d3 h6 5.Nc3 Nf6 6.h3 d6 7.O-O O-O 8.Be3 Bb6 
9.Bxb6 axb6 10.Qd2 Be6 11.Bb3 Bxb3 12.axb3 Qd7 13.Na2 d5 14.exd5 Nxd5 15.
Nc3 Nxc3 16.Qxc3 Rxa1 17.Rxa1 Re8 18.Re1 Qd6 19.Nd2 Qd4 20.Nc4 Qxc3 21.
bxc3 Kf8 22.Kf1 b5 23.Ne3 Ke7 24.Nf5+ Kf6 25.Ne3 Ke6 26.Ng4 Kd7 27.Ne3 Ke6
28.Ng4 Kd7 29.Ne3 Ke6 1/2-1/2

[Event "ch-Chess Disabled 2015"]
[Site "Dresden GER"]
[Date "2015.10.18"]
[Round "1.1"]
[White "Sponheim, M"]
[Black "Yarmonov, I"]
[Result "0-1"]
[WhiteElo "2024"]
[BlackElo "2375"]
[EventDate "2015.10.18"]
[BlackTitle "IM"]
[WhiteFideId "24676314"]
[BlackFideId "14114496"]

1.e4 e5 2.Nf3 Nc6 3.Bc4 Be7 4.d4 exd4 5.c3 Nf6 6.e5 Ng4 7.cxd4 d5 8.Bd3 
Nb4 9.Be2 Bf5 10.Na3 Qd7 11.h3 Nh6 12.Be3 Be4 13.g4 Ng8 14.Rg1 h5 15.Ng5 
hxg4 16.hxg4 Bg6 17.Qb3 a5 18.Bd2 c6 19.Nh3 Nd3+ 20.Bxd3 Rxh3 21.Bf5 Rxb3 
22.Bxd7+ Kxd7 23.axb3 f6 24.f4 Be4 25.Nb1 fxe5 26.dxe5 d4 27.Ke2 Bc5 28.
Rg3 Ne7 29.Rh3 Nd5 30.f5 b5 31.Rh7 Bf8 32.b4 a4 33.Na3 Re8 34.e6+ Kc7 35.
Rc1 Kb6 36.Rh2 Nxb4 37.Bxb4 Bxb4 38.Kf2 c5 39.Rh7 c4 40.Nxc4+ bxc4 41.Rxg7
c3 42.bxc3 dxc3 43.Ke3 Bd5 44.Kd4 Bb3 45.g5 c2 46.Kd3 a3 47.Rh7 a2 48.Rhh1
Rd8+ 49.Ke2 Rd2+ 50.Ke3 Rd1 51.e7 Bxe7 0-1

[Event "ch-Chess Disabled 2015"]
[Site "Dresden GER"]
[Date "2015.10.19"]
[Round "2.24"]
[White "Raibl, Z"]
[Black "Misic, Andrija"]
[Result "1-0"]
[WhiteElo "1987"]
[BlackElo "1719"]
[EventDate "2015.10.18"]
[WhiteFideId "726435"]
[BlackFideId "1320866"]

1.e4 e5 2.Nf3 Nc6 3.Bc4 Bc5 4.O-O h6 5.c3 Nf6 6.d4 exd4 7.e5 Nh7 8.cxd4 
Bb6 9.d5 Ne7 10.d6 Ng6 11.Qd3 Nhf8 12.Nc3 Ne6 13.Rd1 O-O 14.Bxe6 Nxe5 15.
Nxe5 fxe6 16.Nf3 cxd6 17.Qxd6 Qf6 18.Be3 Qg6 19.Qg3 Qxg3 20.hxg3 Bxe3 21.
fxe3 d5 22.e4 dxe4 23.Nxe4 b6 24.Nd6 Ba6 25.Re1 Rf6 26.Rad1 Raf8 27.a4 Rg6
28.Kf2 Rg4 29.Re4 h5 30.Rdd4 Rxe4 31.Rxe4 Rf6 32.Re5 g6 33.b4 Bd3 34.Nc8 
Bc2 35.Nxa7 Bxa4 36.Nc8 b5 37.Nd6 Kh7 38.Nxb5 Kh6 39.Nd4 Bd7 40.Ke3 Bc8 
41.b5 Bb7 42.Rxe6 Rf8 43.Nh4 Bd5 44.Nxg6 Rf7 45.Rd6 h4 46.Nf4+ Kh7 47.Rxd5
hxg3 48.Rh5+ Kg7 49.Rg5+ Kh7 50.Rxg3 Rb7 51.Nfe6 Rb6 52.Rg7+ Kh8 53.Rc7 
Kg8 54.Rc6 Rb7 55.b6 Rb8 56.Nc5 Kf8 57.b7 Ke7 58.Rc8 Rxb7 59.Nxb7 Kd7 60.
Rc1 1-0

[Event "TCh-ARG Superior 2015"]
[Site "Villa Martelli ARG"]
[Date "2015.08.29"]
[Round "1.7"]
[White "Fell, S"]
[Black "Fuentes, Diego"]
[Result "1-0"]
[WhiteElo "2325"]
[BlackElo "1607"]
[EventDate "2015.08.29"]
[WhiteTitle "FM"]
[WhiteTeam "CLUB ARGENTINO"]
[BlackTeam "LA TORRE DEL CASTILLO"]
[WhiteFideId "116777"]
[BlackFideId "145602"]
[EventType "team"]

1.e4 e5 2.Bc4 Nc6 3.Nf3 Be7 4.d4 exd4 5.c3 d6 6.cxd4 Bg4 7.Qb3 Na5 8.Bxf7+
Kf8 9.Qc3 Kxf7 10.Qxa5 c5 11.Qxd8 Rxd8 12.dxc5 Bxf3 13.gxf3 dxc5 14.Nc3 
Nf6 15.Be3 b6 16.Ke2 Bd6 17.f4 Bb8 18.Rad1 Rhe8 19.Kf3 h5 20.Rhg1 Ng4 21.
h3 Nxe3 22.fxe3 a6 23.Rd5 Rxd5 24.exd5 b5 25.e4 Bd6 26.e5 Bxe5 27.fxe5 
Rxe5 28.Kf4 Re8 29.Ne4 Rd8 30.Rd1 c4 31.d6 b4 32.Ke5 a5 33.Rf1+ Kg8 34.Ke6
Re8+ 35.Kd5 a4 36.d7 Rd8 37.Kd6 1-0

[Event "TCh-ARG Superior 2015"]
[Site "Villa Martelli ARG"]
[Date "2015.09.26"]
[Round "5.2"]
[White "Paveto, K"]
[Black "Bitelmajer, M"]
[Result "1-0"]
[WhiteElo "2417"]
[BlackElo "2354"]
[EventDate "2015.08.29"]
[WhiteTitle "FM"]
[BlackTitle "FM"]
[WhiteTeam "USHUAIA JAQUE MATE"]
[BlackTeam "FERRO CARRIL OESTE"]
[WhiteFideId "173444"]
[BlackFideId "111651"]
[EventType "team"]

1.e4 e5 2.Nf3 Nc6 3.Bc4 Bc5 4.c3 Nf6 5.d3 d6 6.b4 Bb6 7.a4 a5 8.b5 Ne7 9.
Nbd2 Ng6 10.Qb3 O-O 11.Nf1 h6 12.Be3 Bxe3 13.Nxe3 c6 14.Rb1 Nf4 15.bxc6 
bxc6 16.g3 d5 17.exd5 cxd5 18.Bb5 d4 19.cxd4 exd4 20.gxf4 Bb7 21.Ke2 dxe3 
22.fxe3 Qc8 23.Rhg1 Bxf3+ 24.Kxf3 Qh3+ 25.Rg3 Qxh2 26.Qb2 Qh5+ 27.Kg2 Ng4 
28.Rh1 Qf5 29.Qe2 h5 30.e4 Qc5 31.f5 g6 32.fxg6 fxg6 33.Bc4+ Kg7 34.Rxg4 
Rab8 35.Rg3 Qd4 36.Rxg6+ Kxg6 37.Qxh5+ Kf6 38.Qf5+ Ke7 39.Rh7+ Ke8 40.Qe6+
1-0

[Event "TCh-SUI 2015"]
[Site "Switzerland SUI"]
[Date "2015.10.10"]
[Round "8.3"]
[White "Bex, P"]
[Black "Maeser, F"]
[Result "1/2-1/2"]
[WhiteElo "2258"]
[BlackElo "2301"]
[EventDate "2015.03.29"]
[BlackTitle "FM"]
[WhiteTeam "Neuchâtel 1"]
[BlackTeam "Wollishofen 1"]
[WhiteFideId "1300814"]
[BlackFideId "1301187"]

1.e4 e5 2.Nf3 Nc6 3.Bc4 Bc5 4.c3 Nf6 5.d4 exd4 6.cxd4 Bb4+ 7.Bd2 Nxe4 8.
Bxb4 Nxb4 9.Bxf7+ Kxf7 10.Qb3+ Kf8 11.Qxb4+ Qe7 12.Qxe7+ Kxe7 13.O-O Re8 
14.Re1 Kf8 15.Ne5 Nf6 16.Nc3 d6 17.Nd3 Bf5 18.Nf4 c6 19.f3 g5 20.Nfe2 Bd3 
21.Ng3 Rxe1+ 22.Rxe1 Re8 23.Rxe8+ Kxe8 24.Kf2 Ke7 25.Ke3 Bg6 26.Nge4 Bxe4 
27.Nxe4 Nd5+ 28.Kd2 h6 29.g3 Ke6 30.a3 a5 31.Kd3 b5 32.Nf2 a4 33.Ng4 h5 
34.Nf2 Nb6 35.Ne4 g4 36.f4 Nc4 37.Kc3 1/2-1/2

[Event "TCh-SUI 2015"]
[Site "Switzerland SUI"]
[Date "2015.10.11"]
[Round "9.4"]
[White "Maier, C"]
[Black "Jenni, F"]
[Result "1/2-1/2"]
[WhiteElo "2385"]
[BlackElo "2471"]
[EventDate "2015.03.29"]
[WhiteTitle "IM"]
[BlackTitle "GM"]
[WhiteTeam "Reti 1"]
[BlackTeam "Winterthur 1"]
[WhiteFideId "4601955"]
[BlackFideId "1304232"]

1.e4 e5 2.Nf3 Nc6 3.Bc4 Bc5 4.c3 Nf6 5.d3 a6 6.Bb3 Ba7 7.Nbd2 O-O 8.h3 d6 
9.Nh4 Nd7 10.Ndf3 Nc5 11.Bc2 d5 12.O-O dxe4 13.dxe4 Qxd1 14.Rxd1 g6 15.Bh6
Re8 16.Rd2 a5 17.Nh2 f6 18.Ng4 Kf7 19.Ne3 Ne7 20.b4 axb4 21.cxb4 Ne6 22.
Bb3 Ng8 23.Nd5 Nxh6 24.Nxc7 Rb8 25.Rc1 Re7 26.Nb5 Bd7 27.Nxa7 Ra8 28.Rd6 
Rxa7 29.Rc7 Ke8 30.Rcxd7 Rxd7 31.Rxe6+ Re7 32.Rxf6 Ra6 33.Rf3 Nf7 34.b5 
Rd6 35.Bd5 Nd8 36.Rd3 Kd7 37.Rc3 Ne6 38.Bxb7 Nd4 39.Rc5 Rb6 40.Ba6 Ne6 41.
Bc8+ Kd8 42.Bxe6 Rbxe6 43.a4 Rc7 44.Rd5+ Rd7 45.Rc5 Rc7 46.Rd5+ Rd7 47.Rc5
1/2-1/2

[Event "4th Karpov Trophy Prelim"]
[Site "Cap d'Agde FRA"]
[Date "2015.10.28"]
[Round "11.2"]
[White "Sebag, M"]
[Black "Abdumalik, Z"]
[Result "1/2-1/2"]
[WhiteElo "2496"]
[BlackElo "2390"]
[EventDate "2015.10.23"]
[WhiteTitle "GM"]
[BlackTitle "WGM"]
[WhiteFideId "617822"]
[BlackFideId "13703544"]

1.e4 e5 2.Nf3 Nc6 3.Bc4 Bc5 4.c3 Nf6 5.d3 a6 6.Nbd2 O-O 7.O-O d6 8.Bb3 Ba7
9.h3 Re8 10.Re1 Nh5 11.Nf1 Nf4 12.Bxf4 exf4 13.d4 Qf6 14.N1d2 Bd7 15.Bc2 
Qh6 16.e5 dxe5 17.d5 Ne7 18.Nxe5 Bf5 19.Bxf5 Nxf5 20.Ndf3 Rad8 21.Qb3 Qb6 
22.Qxb6 Bxb6 23.Nd3 Rxe1+ 24.Rxe1 f6 25.Nxf4 g5 26.Nh5 Kf7 27.c4 Bc5 28.g4
Ne7 29.Re6 Ng8 30.Re2 b5 31.b3 bxc4 32.bxc4 Rb8 33.Rc2 Ne7 34.Ng3 Ng6 35.
Ne4 Be7 36.c5 Rd8 37.Rd2 Nf4 38.d6 cxd6 39.cxd6 Bf8 40.h4 h6 41.hxg5 hxg5 
42.Nd4 Ne6 43.Nf5 Rb8 44.d7 Rd8 45.Kg2 Bb4 46.Rd1 Nf8 47.a3 Bxa3 48.Ra1 
Bb2 49.Ned6+ Ke6 50.Rxa6 Kxd7 51.Ne4 Kc7 52.Nxf6 Kb7 53.Rd6 Rxd6 54.Nxd6+ 
Kc6 55.Nde4 Ne6 56.Nh7 Bc1 57.Kf3 Kd5 58.Nhf6+ Ke5 59.Nd7+ Kd5 60.Nb6+ Kd4
61.Nd7 Bf4 62.Ndf6 Bc1 63.Nd7 Bf4 64.Ndf6 Bc1 1/2-1/2

[Event "Kings Tournament ROU-GER"]
[Site "Medias ROU"]
[Date "2015.10.31"]
[Round "2.2"]
[White "Nevednichy, V"]
[Black "Wagner, De"]
[Result "1/2-1/2"]
[WhiteElo "2557"]
[BlackElo "2575"]
[EventDate "2015.10.30"]
[WhiteTitle "GM"]
[BlackTitle "GM"]
[WhiteTeam "ROU"]
[BlackTeam "GER"]
[WhiteFideId "1205730"]
[BlackFideId "24650684"]

1.e4 e5 2.Nf3 Nc6 3.Bc4 Bc5 4.c3 Nf6 5.d3 a6 6.Bb3 Ba7 7.h3 d6 8.Nbd2 O-O 
9.O-O h6 10.Re1 Be6 11.Bc2 Re8 12.Nf1 d5 13.exd5 Nxd5 14.Nxe5 Nxe5 15.Rxe5
Bxf2+ 16.Kh1 Qf6 17.d4 c5 18.Qd3 g6 19.Bxh6 cxd4 20.Qe4 dxc3 21.Bg5 Qh8 
22.Rd1 Nf6 23.Qf3 Bh4 24.Bxh4 Qxh4 25.bxc3 Rad8 26.Rxd8 Rxd8 27.Bb3 Bxb3 
28.axb3 Nh5 29.Kh2 Kg7 30.Re4 Qf6 31.Qxf6+ Nxf6 32.Re7 Rd7 33.Rxd7 Nxd7 
34.Kg3 Kf6 35.Kf4 g5+ 36.Ke3 Nc5 37.Nd2 Kf5 38.g3 Ne6 39.b4 Ke5 40.Kd3 f6 
1/2-1/2

[Event "10th Deizisau Autumn Open"]
[Site "Deizisau GER"]
[Date "2015.11.01"]
[Round "5.7"]
[White "Ehmann, Thilo"]
[Black "Plenca, Jadranko"]
[Result "0-1"]
[WhiteElo "2171"]
[BlackElo "2379"]
[EventDate "2015.10.30"]
[BlackTitle "FM"]
[WhiteFideId "12940968"]
[BlackFideId "14527146"]

1.e4 e5 2.Nf3 Nc6 3.Bc4 Bc5 4.b4 Bxb4 5.c3 Bd6 6.d4 Nf6 7.Ng5 O-O 8.O-O 
Be7 9.f4 d6 10.Qd3 exd4 11.cxd4 d5 12.Bxd5 Nxd5 13.exd5 Bxg5 14.dxc6 Bf6 
15.cxb7 Qxd4+ 0-1

[Event "10th Deizisau Autumn Open"]
[Site "Deizisau GER"]
[Date "2015.11.02"]
[Round "7.11"]
[White "Schmidt, Tobias2"]
[Black "Riehle, Marco"]
[Result "1/2-1/2"]
[WhiteElo "2198"]
[BlackElo "2134"]
[EventDate "2015.10.30"]
[WhiteFideId "1271683"]
[BlackFideId "12904392"]

1.e4 e5 2.Nf3 Nc6 3.Bc4 Bc5 4.c3 Nf6 5.d4 exd4 6.cxd4 Bb4+ 7.Bd2 Nxe4 8.
Bxb4 Nxb4 9.Bxf7+ Kxf7 10.Qb3+ d5 11.Ne5+ Ke6 12.Qxb4 Qf8 13.Qxf8 Rxf8 14.
f3 Nd6 15.Nc3 c6 16.Kd2 Nf5 17.Rae1 Kd6 18.Ne2 Nh4 19.Rhg1 b6 20.Ng3 c5 
21.Nd3 Ba6 22.Re5 Rxf3 23.gxf3 Nxf3+ 24.Ke3 Nxg1 25.Nf5+ Kc6 26.Re6+ Kb5 
27.dxc5 bxc5 28.Nd6+ Ka5 29.Nxc5 Rf8 30.b4+ Kxb4 31.Nxa6+ Ka3 32.Nb5+ Kxa2
1/2-1/2

[Event "10th Deizisau Autumn Open"]
[Site "Deizisau GER"]
[Date "2015.11.02"]
[Round "7.12"]
[White "Gretz, Denis"]
[Black "Sessler, J"]
[Result "1/2-1/2"]
[WhiteElo "2129"]
[BlackElo "2131"]
[EventDate "2015.10.30"]
[WhiteFideId "12945188"]
[BlackFideId "4629728"]

1.e4 e5 2.Nf3 Nc6 3.Bc4 Bc5 4.c3 Nf6 5.d3 d6 6.Bb3 Be6 7.O-O Bxb3 8.axb3 
Bb6 9.Nbd2 O-O 10.Nc4 h6 11.Re1 Re8 12.Nh4 d5 13.Nxb6 cxb6 14.Qf3 dxe4 15.
dxe4 Nh7 16.Nf5 Qf6 17.Qg4 1/2-1/2

[Event "19th Hoogeveen Open 2015"]
[Site "Hoogeveen NED"]
[Date "2015.10.17"]
[Round "1.32"]
[White "Van Osch, Mees"]
[Black "Van Dael, Siem"]
[Result "1-0"]
[WhiteElo "2285"]
[BlackElo "1978"]
[EventDate "2015.10.17"]
[WhiteFideId "1035967"]
[BlackFideId "1049771"]

1.e4 e5 2.Nf3 Nc6 3.Bc4 Nf6 4.Ng5 d5 5.exd5 Na5 6.Bb5+ c6 7.dxc6 bxc6 8.
Bd3 Nd5 9.Nf3 Bd6 10.O-O Nf4 11.Nc3 Nxd3 12.cxd3 O-O 13.Ne4 Bc7 14.Qc2 Bg4
15.b4 Bxf3 16.gxf3 f5 17.Ng3 Nb7 18.Bb2 Rf6 19.Kh1 f4 20.Ne4 Rh6 21.Rg1 
Qh4 22.Rg2 Re8 23.Qc4+ Kf8 24.b5 Ree6 25.Ng5 Ref6 26.bxc6 Nd6 27.Ba3 Rhg6 
28.Rag1 Rxg5 29.Rxg5 Qxf2 30.Qd5 Rh6 31.Rf5+ 1-0

[Event "19th Hoogeveen Open 2015"]
[Site "Hoogeveen NED"]
[Date "2015.10.17"]
[Round "1.35"]
[White "Hilwerda, Jonas"]
[Black "Schoppen, Casper"]
[Result "1/2-1/2"]
[WhiteElo "1954"]
[BlackElo "2220"]
[EventDate "2015.10.17"]
[WhiteFideId "1046713"]
[BlackFideId "1046730"]

1.e4 e5 2.Nf3 Nc6 3.Bc4 Bc5 4.c3 Nf6 5.d4 exd4 6.cxd4 Bb4+ 7.Kf1 d5 8.exd5
Nxd5 9.Nc3 Bxc3 10.bxc3 Be6 11.Qc2 Ne3+ 12.Bxe3 Bxc4+ 13.Kg1 O-O 14.h4 Qd6
15.h5 f5 16.h6 g6 17.Nd2 Be6 18.g3 Bd5 19.Rh4 Qf6 20.c4 Bf7 21.Nf3 Rfe8 
22.Rb1 Qd6 23.d5 Ne5 24.Nxe5 Qxe5 25.Rxb7 Rab8 26.Rb3 a5 27.Bf4 Qe1+ 28.
Kg2 Rxb3 29.Qxb3 Re2 30.Be3 Qb4 31.Qxb4 axb4 32.Bc5 Rxa2 33.Bxb4 Ra4 34.
Be7 Rxc4 35.d6 Rxh4 36.gxh4 cxd6 37.Bxd6 1/2-1/2

[Event "19th Hoogeveen Open 2015"]
[Site "Hoogeveen NED"]
[Date "2015.10.18"]
[Round "2.17"]
[White "Kouwenhoven, Derk"]
[Black "Schroeder, Ja"]
[Result "0-1"]
[WhiteElo "1918"]
[BlackElo "2519"]
[EventDate "2015.10.17"]
[BlackTitle "IM"]
[WhiteFideId "1050621"]
[BlackFideId "24662259"]

1.e4 e5 2.Nf3 Nc6 3.Bc4 Nf6 4.d3 Be7 5.c3 O-O 6.O-O d6 7.Bb3 Na5 8.Bc2 c5 
9.Nbd2 Nc6 10.Re1 h6 11.Nf1 Re8 12.Ne3 Bf8 13.a3 b5 14.b4 a5 15.Bd2 axb4 
16.axb4 Rxa1 17.Qxa1 cxb4 18.Nd5 Nxd5 19.exd5 bxc3 20.Bxh6 Nb4 21.Qxc3 
Nxc2 22.Bg5 f6 23.Bxf6 Qxf6 24.Qxc2 Bd7 25.Qc7 Bg4 26.Nd2 Qf4 27.Qa5 Qa4 
28.Qxa4 bxa4 29.Re4 Bd7 30.Nc4 Rb8 31.f3 Rb3 32.d4 a3 33.Nxa3 Rxa3 34.dxe5
dxe5 35.Rxe5 Bc5+ 36.Kf1 Kf7 37.Re4 Ra2 38.Rf4+ Ke7 39.Re4+ Kd6 40.Rh4 
Bb5+ 0-1

[Event "19th Hoogeveen Open 2015"]
[Site "Hoogeveen NED"]
[Date "2015.10.18"]
[Round "2.24"]
[White "Zepeda, L"]
[Black "Van der Marel, B"]
[Result "0-1"]
[WhiteElo "2106"]
[BlackElo "2212"]
[EventDate "2015.10.17"]
[WhiteTitle "WIM"]
[WhiteFideId "6700233"]
[BlackFideId "1005855"]

1.e4 e5 2.Nf3 Nc6 3.Bc4 Nf6 4.Qe2 Be7 5.c3 O-O 6.Bb3 d6 7.d3 Na5 8.Bc2 c5 
9.Nbd2 Bd7 10.Nf1 Ne8 11.Ng3 b5 12.O-O Qc7 13.Be3 g6 14.Nd2 Ng7 15.Bh6 
Rfe8 16.f4 exf4 17.Bxf4 Nc6 18.Qf2 Rf8 19.Nf3 Ne5 20.Rac1 Rac8 21.h3 Be6 
22.Bb1 f6 23.d4 Nxf3+ 24.Qxf3 Qb6 25.Be3 Qa5 26.a3 b4 27.axb4 cxb4 28.Bd2 
Qb6 29.Kh2 a5 30.cxb4 axb4 31.d5 Bd7 32.Qb3 Rxc1 33.Rxc1 Rb8 34.Bf4 Qf2 
35.Be3 Ba4 36.Qd3 Qxb2 37.Rc7 Bd8 38.Ra7 Bb5 39.Qd1 Bb6 40.Bxb6 Rxb6 41.
Qg1 Ra6 42.Rxa6 Bxa6 43.Qb6 h5 44.Qxa6 h4 45.Nh1 Qxb1 46.Qxd6 Qxe4 47.Qxf6
Qxd5 48.Qxg6 Qe5+ 49.Kg1 Qe3+ 50.Kh2 Qf4+ 51.Kg1 b3 52.Qd3 Qc1+ 53.Kh2 
Qc7+ 54.Kg1 Qb6+ 55.Kh2 b2 56.Qc4+ Qe6 57.Qb4 Qa2 58.Qb8+ Kh7 0-1